000 00526cam a22002051 4500
001 af 48001596
003 DLC
005 20260227110850.0
008 851012s1942 gw 000 0 ger c
010 _aaf 48001596
035 _a(OCoLC)12670363
040 _aYale Univ. Library
_cTxHR
_dDLC
042 _apremarc
050 0 0 _aPT2617.O29
_bW4
082 _a831.91
100 1 _aHoerner, Herbert von,
_d1884-
245 1 4 _aDie Welle;
_bGedichte.
260 _aStuttgart,
_bEngelhornverlag
_c[1942]
300 _a34 p.
_c21 cm.
999 _c4610
_d4610